• 首页
  • 本馆介绍
  • 公告通知
  • 最新文献
  • 馆藏检索
  • 电子资源
  • 读者荐购
  • 参考咨询
  • CALIS
  • 我的图书馆
  • 登录
  • 详细信息显示
  • 放入我的书架
  • 预约/预借图书
  • 作者相关作品
  • 分类相关作品
  • 丛书相关作品
  • 出版社相关作品

书目信息

  • 表格格式
  • 工作单格式
  • 卡片格式
题名:
GDP啊GDP
    
 
作者: 石良平 著
分册:  
出版信息: 上海   上海财经大学出版社  2006.01
页数: 236页
开本: 21cm
丛书名:
单 册:
中图分类: F0-53
科图分类:
主题词: 经济学--jing ji xue--随笔--文集
电子资源:
ISBN: 7-81098-517-5
 
 
 
 
 
000 00764nam0 2200229 450
001 012007518532
005 20070518155446.37
010    @a7-81098-517-5@dCNY20.00
100    @a20070303d2006 km y0chiy0120 ea
101 0  @achi
102    @aCN@b310000
105    @ay z 000cy
200 1  @aGDP啊GDP@AGDP a GDP@e石良平经济随笔集@f石良平著@Fshi liang ping zhu
210    @a上海@c上海财经大学出版社@d2006.01
215    @a236页@d21cm
330    @a本书是作者对现实经济问题的心得、感想和评论的文集,反映了作者对经济问题的观点和理论分析。
517 1  @a石良平经济随笔集@Ashi liang ping jing ji sui bi ji
606 0  @a经济学@Ajing ji xue@x随笔@j文集
690    @aF0-53@v4
701  0 @a石良平@Ashi liang ping@4著
801  0 @aCN@c20070518
905    @a10447@dF0-53@eS533
    
    GDP啊GDP:石良平经济随笔集/石良平著.-上海:上海财经大学出版社,2006.01
    236页;21cm
    
    
    ISBN 7-81098-517-5:CNY20.00
    本书是作者对现实经济问题的心得、感想和评论的文集,反映了作者对经济问题的观点和理论分析。
●
相关链接 在E读中查询图书 在当当中查询图书 在豆瓣中查询图书


正题名:GDP啊GDP     索取号:F0-53/S533         预约/预借

序号 登录号 条形码 馆藏地/架位号 状态 备注
1 236770   202367704   社科库409/409社科库 62排1列4层/ [索取号:F0-53/S533] 在馆    
2 236771   202367713   社科二线422/409社科库 62排1列4层/ [索取号:F0-53/S533] 在馆    
3 236772   202367722   社科二线422/409社科库 62排1列4层/ [索取号:F0-53/S533] 在馆    
河南城建学院图书馆 欢迎您!
大连网信软件有限公司© 版权所有